000
00323nam a2200121Ia 4500
008
210430s9999 xx 000 0 und d
082
_a
621.4022 H395 H
100
_a
J.P.Holman
245
_a
Heat Transfer in Si Units 9th
_c
J.P.Holman
260
_a
New Delhi
_b
Tata McGraw Hill
_c
2006
300
_a
676p.
942
_c
BK
_2
ddc
999
_c
564309
_d
564309